Drying cereal grains
Uloženo v:
| Hlavní autoři: | , , |
|---|---|
| Médium: | Kniha |
| Jazyk: | angličtina |
| Vydáno: |
Westport
The AVI Publishing Company
1974
|
| Témata: | |
| Tagy: |
Přidat tag
Žádné tagy, Buďte první, kdo vytvoří štítek k tomuto záznamu!
|
MARC
| LEADER | 00000nam a2200000 a 4500 | ||
|---|---|---|---|
| 001 | UCR5722 | ||
| 003 | CL-VaPUC | ||
| 008 | 980403e19740000US |||||||||||||||||eng|d | ||
| 082 | 0 | 4 | |a 664.6 |b BRO |2 21 |
| 100 | 0 | |a Brooker, Donald |e author |9 406690 | |
| 700 | 0 | |a Bakker-Akrema, Fred |e author |9 406691 | |
| 700 | |a Hall, Carl W |e author |9 596174 | ||
| 245 | 1 | 0 | |a Drying cereal grains |
| 300 | |a 265 p | ||
| 942 | |c BK | ||
| 945 | |d 19980403 00:00:00 |a crobeson | ||
| 260 | |a Westport |b The AVI Publishing Company |c 1974 | ||
| 650 | 0 | |a Cereales |9 264300 | |
| 650 | 0 | |a Secado |9 331351 | |
| 650 | 0 | |a Alimentos |9 256203 | |
| 650 | 0 | |a Procesos |9 256376 | |
| 650 | 7 | |a TECNOLOGIA DE ALIMENTOS |2 CL-VaPUC |9 406693 | |
| 583 | |a last modification |c 19980403 00:00:00 |k Rodrigo Vera | ||
| 999 | |c 268177 |d 268175 | ||
| 952 | |0 0 |1 0 |4 0 |6 664_600000000000000_BRO_1974 |7 0 |8 A |9 301124 |a BIBALI |b BIBALI |c GEN |d 2019-11-20 |i 197792K |o 664.6 BRO 1974 |p 197792K |r 2025-01-20 |w 2019-11-20 |y BK |k ALI | ||